000 00640nam a2200205Ia 4500
003 GCL
008 140319s9999 xx 000 0 ara d
040 _aGCL /
_cGCL
082 0 4 _a131.32
_bد ع
100 1 _aديتمار، برنارد
245 1 0 _aعيش بحكمة تعش سليما /
_cديتمار، برنارد
260 _a[S.N] :
_bالمؤسسة العربية الحديثة
490 _aكتابى
_v0
650 0 4 _aعلم النفس
650 0 4 _aالشخصية
650 0 4 _aعلم النفس التطبيقى
650 0 4 _aالعلاقات الاجتماعية
650 0 4 _aالاسترخاء
942 _2ddc
_cBK
999 _c35239
_d35239